| 000 | 00434nam a2200121Ia 4500 | ||
|---|---|---|---|
| 008 | 200924s9999 xx 000 0 und d | ||
| 020 | _a978-111-9924-58-6 | ||
| 100 | _aWeygandt, Jerry | ||
| 245 |
_cJerry Weygandt, Paul Kimmel, Don Kieso _aFinancial accounting with international financial reporting standards/ |
||
| 260 |
_aManila: _bC&E Publishing _c2019 |
||
| 300 |
_axiii, I-14 _c27 cm. |
||
| 650 | _aFinancial statements -- standards | ||
| 999 |
_c364476 _d364476 |
||